| 000 | 00391nam a2200157Ia 4500 | ||
|---|---|---|---|
| 008 | 230917s9999||||xx |||||||||||||| ||und|| | ||
| 040 |
_e186719 _aMAIN |
||
| 041 | _aEnglish | ||
| 082 | _a570 M665B(3) | ||
| 100 | _aMinkoff, Eli C | ||
| 245 | 0 | _aBiology today: An issues approach | |
| 250 | _a3rd ed. | ||
| 260 |
_aNew York _bGarland Science _c2004 |
||
| 300 | _axv, 752 p. | ||
| 942 | _cBK | ||
| 999 |
_c152050 _d152050 |
||